Zdaňovanie príjmov fyzických osôb v kontexte daňového systému SR učebný text

Gespeichert in:
Bibliographische Detailangaben
1. Verfasser: Ďurinová, Ivona, 1964-
Körperschaft: Ekonomická univerzita v Bratislave. Bratislavská Business School - zrušené
Weitere Verfasser: Majdúchová, Helena, 1963-, Tamáš, Ján
Format: Buch
Sprache:Slowakisch
Veröffentlicht: Bratislava Vydavateľstvo EKONÓM 2020
Ausgabe:3. prepracované vydanie
Schlagworte:
Tags: Tag hinzufügen
Keine Tags, Fügen Sie das erste Tag hinzu!

MARC

LEADER 00000nlm a2200000 4500
001 0271154
005 20240502074247.5
020 |a 978-80-225-4776-5 
041 0 |a slo 
044 |a SK 
245 1 0 |a Zdaňovanie príjmov fyzických osôb v kontexte daňového systému SR  |b učebný text  |c Ivona Ďurinová ; recenzenti: Helena Majdúchová, Ján Tamáš 
250 |a 3. prepracované vydanie 
264 1 |a Bratislava  |b Vydavateľstvo EKONÓM  |c 2020 
300 |a CD-ROM 91 s. [5,11 AH] 
610 2 0 |a dane 
610 2 0 |a politika daňová 
610 2 0 |a osoby fyzické 
610 2 0 |a príjmy 
610 2 0 |a zdaňovanie 
610 2 0 |a systémy daňové 
610 2 0 |a Slovensko 
100 1 |a Ďurinová, Ivona, 1964- 
700 1 |a Majdúchová, Helena, 1963- 
700 1 |a Tamáš, Ján 
710 2 |a Ekonomická univerzita v Bratislave. Bratislavská Business School - zrušené